The World arms market will more guns mean more butter?

Guardado en:
書目詳細資料
主要作者: Tullberg, Rita
企業作者: Seminario "Europa y América Latina en el Debate Estratégico Mundial, Buenos Aires, 10-12 noviembre 1986
格式: Texto
出版: Buenos Aires: EURAL
標簽: 添加標簽
沒有標簽, 成為第一個標記此記錄!

MARC

LEADER 00000 a a2200000 04500
001 23743
003
040
090 |a 167300  
100 |a Tullberg, Rita  
110 |a Seminario "Europa y América Latina en el Debate Estratégico Mundial, Buenos Aires, 10-12 noviembre 1986  
245 |a The World arms market will more guns mean more butter?  
260 |a Buenos Aires:   |b EURAL  
300 |a 28 p.   |b **no definido**   |b fonodiscos  
999 |c 16417  |d 16417